000 01270cam a2200385 i 4500
999 _c179
_d179
001 vtls001457697
003 VRT
005 20190729151535.0
008 130606t20132007fr j 000 f fre d
020 _a9782253124801 (pbk.) :
020 _a225312480X (pbk.)
035 _a(OCoLC)ocn315133983
040 _aTZT
_beng
_erda
_cTZT
_dYDXCP
_dTKU
042 _anbic
082 _aFIC VIG
090 _aPQ2722.I43
_bN6 2013
100 1 _aVigan, Delphine de,
_eauthor.
245 1 0 _aNo et moi :
_broman /
_cDelphine de Vigan.
264 1 _aParis :
_bLibrairie Générale Française,
_c2013.
264 4 _c©2007.
300 _a248 pages ;
_c18 cm.
336 _atext
_2rdacontent.
337 _aunmediated
_2rdamedia.
338 _avolume
_2rdacarrier.
490 1 _aLe livre de poche ;
_v31277.
500 _aOriginally published by JC Lattès in 2007; originally published by LGF in 2009.
546 _aFrench
650 0 _aHomeless persons
_vJuvenile fiction.
650 0 _aFamilies
_zFrance
_zParis
_vJuvenile fiction.
650 0 _aGifted children
_vJuvenile fiction.
650 0 _aInterpersonal relations
_vJuvenile fiction.
651 0 _aParis (France)
_xSocial conditions
_vJuvenile fiction.
830 3 _aLe Livre de poche ;
_v31277.
942 _2ddc
_cFIC